000 01307nab a2200241 i 4500
001 768714001
003 CO-MdFUSB
005 20240729125223.0
008 240729t1981 -us||||| |||| 00| 0 eng d
040 _bspa
_cCO-MdFUSB
_dCO-MdFUSB
041 _aeng
100 _aKerr, David A.,
_eautor
245 1 _aThe problem of Christianity in muslim perspective :
_bimplications for christian mission
_c/ David A. Kerr
520 _aLa literatura misionera cristiana sobre la evangelización musulmana proporciona una amplia visión de la dificultad de tratar la cuestión de los musulmanes, sus enseñanzas y prácticas religiosas, sociedades y culturas, lo que la convierte en un problema importante. Este problema ha sido analizado en varias categorías, incluidas las sociológicas, antropológicas, ideológicas y, en menor medida, teológicas.
546 _aTexto en inglés.
650 7 _aAntropología cultural y social
_96714
650 0 _aCristianismo y otras religiones
_xIslamismo.
_95345
650 0 _aMisiones
_9154
653 _aMusulmanes
773 0 _049483
_982852
_oR2698
_tInternational Bulletinof Missionary Research
_w(CO-MdFUSB)768714001
_x0272-6122
_gVolumen 5, (número 4, 1981), páginas: 152 - 162
_qpágina: 152
942 _cANA
945 _aCatherine Arias Álvarez - Practicante SENA
999 _c70594
_d70594